[Event "RUS-chT 11th"]
[Site "Sochi"]
[Date "2004.04.28"]
[Round "9.4"]
[White "Onischuk, Alexander"]
[Black "Makarov, Marat"]
[Result "1-0"]
[WhiteElo "2652"]
[BlackElo "2531"]
[Annotator "Huzman,A"]
[PlyCount "79"]
[EventDate "2004.04.20"]
[EventType "team-tourn"]
[EventRounds "9"]
[EventCountry "RUS"]
[SourceTitle "EXT 2020"]
[Source "ChessBase"]
[SourceDate "2019.10.17"]
[SourceVersion "1"]
[SourceVersionDate "2019.10.17"]
[SourceQuality "1"]
[WhiteTeam "Norilsk Norilsky Nikel"]
[BlackTeam "Togliatti Lada"]
[WhiteTeamCountry "RUS"]
[BlackTeamCountry "RUS"]

1. d4 d5 2. c4 dxc4 3. e4 Nf6 4. e5 Nd5 5. Bxc4 Nb6 6. Bb3 Nc6 7. Ne2 Bf5 8.
Nbc3 e6 9. O-O Qd7 10. Be3 O-O-O 11. Rc1 h5 (11... f6 12. exf6 gxf6 13. Ng3 Bg6
(13... Nxd4 14. Qxd4 Qxd4 15. Bxd4 Rxd4 16. Nb5 Rd2 (16... Rd7 17. Nxf5 exf5
18. Be6 $18) 17. Rxc7+ Kb8 18. Nxf5 exf5 19. Rd1 Bh6 (19... Rxd1+ 20. Bxd1 a6
21. Bf3 $1 $18) 20. Rxd2 Bxd2 21. Rf7 $16) 14. Qf3 Na5 15. Nge4 Nxb3 16. Nxf6
Qf7 17. axb3 a6 18. Bf4 c6 $4 19. Na4 $1 Nd5 20. Nb6+ {1-0 Skatchkov,
P-Donchenko,A/Tula 1999/EXT 2000 (20)}) (11... Kb8 12. Na4 Be7 13. Nxb6 cxb6
14. Ba4 h5 15. a3 h4 16. h3 f6 17. Bb5 fxe5 18. Qa4 Rc8 19. dxe5 $16 {1/2-1/2
Epishin,V-Kasparov,S/Deizisau GER 2003/(34)}) 12. Na4 h4 13. h3 f6 {
Overlooking White's threat, Black ends up in a lost position} (13... Nd5 $142
14. Nc5 Bxc5 15. Rxc5 $16 {[%cal Gb3a4]}) 14. Nxb6+ axb6 (14... cxb6 15. exf6 (
15. Bf4 g5 16. Bh2 g4 17. hxg4 Bxg4 18. f3 Bf5 19. exf6 Bd6 $132) 15... gxf6
16. Nc3 Rg8 17. Qf3 Kb8 18. Rfd1 $16) 15. Ba4 $1 {[%mdl 4] /\16.Bb5,17.Qa4} Qd5
(15... Kb8 16. Bb5 fxe5 17. Qa4 Qd5 18. dxe5 Qe4 19. Bxc6 bxc6 20. Rc4 Qxe5 21.
Bf4 $1 Qb5 (21... Qd5 22. Rd4 $18) 22. Bxc7+ $1 Kc8 23. Bxd8 $18) (15... Be4
16. Nc3 Bf5 17. Bb5 $16) 16. Nf4 Qa5 17. Bxc6 bxc6 18. Qf3 $1 $18 fxe5 19. Qxc6
Bd6 20. b4 $1 Qxb4 (20... Qa7 21. dxe5 Bxe5 22. Ng6 $5 (22. Bxb6 Qb7 23. Nxe6
$18) 22... Bxg6 23. Qxe6+ Kb8 24. Qxe5 $18) 21. dxe5 Be4 22. Qxb6 $18 (22. a3
$1 Bxc6 23. axb4 $18) 22... Qxb6 23. Bxb6 Bxe5 24. Nxe6 Rd7 25. Rfe1 Bb2 (25...
Re8 26. Bxc7 Rxc7 27. Rxc7+ Bxc7 28. Rxe4 $18) 26. Rxc7+ Rxc7 27. Bxc7 Bd5 28.
Be5 $1 Bxe6 (28... Bxe5 29. Rxe5 Bxa2 30. Nxg7 $18) 29. Bxb2 Kd7 30. f3 Rg8 31.
a4 g6 32. a5 Ra8 33. Ra1 Kc6 34. a6 Bc4 35. a7 Kb7 36. Bd4 Rg8 37. Bf2 Rh8 38.
Ra4 Ba6 39. Rd4 Ka8 40. Rd6 1-0

[Event "Mitropa Cup 21st"]
[Site "Leipzig"]
[Date "2002.05.03"]
[Round "1.1"]
[White "Huebner, Robert"]
[Black "Stevic, Hrvoje"]
[Result "1-0"]
[WhiteElo "2628"]
[BlackElo "2523"]
[Annotator "Huzman,A"]
[PlyCount "98"]
[EventDate "2002.05.03"]
[EventType "team-tourn"]
[EventRounds "9"]
[EventCountry "GER"]
[SourceTitle "CBM 089"]
[Source "ChessBase"]
[SourceDate "2002.08.12"]
[SourceVersion "1"]
[SourceVersionDate "2002.08.12"]
[SourceQuality "1"]
[WhiteTeam "Germany"]
[BlackTeam "Croatia"]
[WhiteTeamCountry "GER"]
[BlackTeamCountry "CRO"]

1. d4 d5 2. c4 dxc4 3. e4 Nf6 4. e5 Nd5 5. Bxc4 Nb6 6. Bd3 Nc6 7. Be3 Be6 8.
Nc3 Bc4 9. Bxc4 Nxc4 10. Qb3 N6a5 (10... N4a5 11. Qa4 e6 12. O-O-O b5 13. Nxb5
Rb8 14. d5 exd5 15. Rxd5 Qe7 16. Bc5 $18 {1-0 Bacrot,E-Mellado Trivino,J/
France 2001/EXT 2002 (24)}) 11. Qc2 e6 12. Nge2 Be7 13. O-O O-O 14. Rad1 {
[%cal Gd4d5]} Nc6 {[%cal Yc6b4,Yb4d5]} 15. a3 {[%mdl 4] Black has no plan. He
can't prevent the breakthrough d4-d5.} Nb6 16. Nf4 $18 Re8 17. d5 exd5 18.
Ncxd5 (18. Nfxd5 $1 {[%cal Gf2f4]} Qc8 (18... Nxd5 19. Nxd5 Qc8 20. f4 $16) 19.
Bxb6 axb6 20. Nb5 Bd8 21. f4 $16) 18... Qc8 19. Nxb6 axb6 $2 (19... cxb6 $1 20.
Rd5 $1 Bf8 $1 (20... Bg5 21. e6 f6 22. Rd6 $16) (20... Bd8 21. e6 $1 fxe6 22.
Rh5 h6 23. Rxh6 $1 gxh6 24. Qg6+ Kf8 25. Nh5 $18) 21. Qc3 (21. e6 fxe6 22. Rh5
h6 (22... g6 23. Nxg6) 23. Qg6 e5 24. Rxh6 exf4 25. Qh7+ Kf7 26. Qg6+ $11)
21... g6 $132 {[%csl Re5]}) 20. Nd5 $16 Bd8 {[%cal Yd8c7]} (20... Bc5 21. f4
$16) 21. f4 Ne7 $1 22. Nc3 Nf5 23. Bf2 Qe6 24. Rfe1 (24. g4 $5 Ne7 25. Qe2 Nc6
26. Rfe1 f5 $14) 24... Qg6 (24... c6 25. g4 Nh4 26. Qe2 $16 {[%cal Gf4f5]}) 25.
Qe4 Rb8 (25... c6 26. Rd7 Re7 27. Red1 $16) 26. Rd3 c6 27. a4 {[%csl Rb6]} Bc7
28. Red1 Rbd8 29. Rxd8 Rxd8 30. Rxd8+ Bxd8 31. Qd3 $18 Be7 32. Bxb6 h5 33. h3
Bb4 34. Ne4 Be7 35. Bf2 Qe6 36. Bc5 $1 Bh4 37. Nd6 Nxd6 38. exd6 Qd7 39. a5 Bd8
40. b4 Qe6 41. d7 g6 42. Bb6 Qe7 43. Bxd8 Qxd8 44. Qd6 Kg7 45. Kf2 Kg8 46. Ke3
Kg7 47. Kd4 Kg8 48. Kc5 Kg7 49. Qe5+ Kf8 (49... Kf8 50. Qh8+ Ke7 51. Qxd8+ Kxd8
52. Kd6 h4 53. a6 bxa6 54. Kxc6 $18) 1-0

[Event "Olympiad-36"]
[Site "Mallorca"]
[Date "2004.10.28"]
[Round "13"]
[White "Vallejo Pons, Francisco"]
[Black "Iuldachev, Saidali"]
[Result "0-1"]
[WhiteElo "2678"]
[BlackElo "2550"]
[Annotator "Huzman,A"]
[PlyCount "66"]
[EventDate "2004.10.15"]
[EventType "team-swiss"]
[EventRounds "14"]
[EventCountry "ESP"]
[SourceTitle "CBM 104"]
[Source "ChessBase"]
[SourceDate "2005.01.27"]
[SourceVersion "1"]
[SourceVersionDate "2005.01.27"]
[SourceQuality "1"]
[WhiteTeam "Spain"]
[BlackTeam "Uzbekistan"]
[WhiteTeamCountry "ESP"]
[BlackTeamCountry "UZB"]

1. d4 d5 2. c4 dxc4 3. e3 e5 4. Bxc4 exd4 5. exd4 Bd6 6. Nf3 Nf6 7. O-O O-O 8.
Nc3 Nc6 9. h3 h6 10. a3 a6 11. Bd2 (11. Qc2 b5 12. Ba2 Ne7 13. Be3 Bf5 14. Qe2
Ng6 15. Rfe1 {1/2-1/2 Farago,I-Estrada Nieto,J/Szentgotthard 2001/EXT 2002 (15)
}) (11. Be3 Bf5 12. Nh4 Bh7 13. Qf3 Qd7 14. Rad1 Be7 {1/2-1/2 Nestorovic,
D-Estrada Nieto,J/Belgrade 2001/CBM 82 ext (14)}) 11... Re8 (11... Bf5 $5) 12.
Qc2 Bf8 13. Qb3 $6 (13. Rad1 $5) 13... Qd7 $1 {[%cal Yc6a5,Ya5b3,Ya5c4]} 14.
Nd5 Ne4 $1 15. Qc2 $2 (15. Bf4 $5 b5 (15... Na5 16. Qc2 Nxc4 17. Nxc7 Nb6 18.
Ne5 Qf5 19. Bxh6 Rd8 20. Nxa8 Nxa8 21. Be3 $13) 16. Bxb5 (16. Bd3 Nxd4 17. Nxd4
Nc5 18. Bf5 $1 Qxf5 19. Nxf5 (19. Qf3 Qd7 20. Nxc7 Bb7 $17) 19... Nxb3 20.
Nxh6+ $1 Kh7 (20... gxh6 21. Nf6+ Kh8 22. Nxe8 Nxa1 23. Nxc7 $16) 21. Nxf7 Nxa1
22. Nxc7 Re2 23. Nxa8 Nb3 24. Nb6 $16) 16... axb5 17. Nxc7 Nd2 $1 18. Qd3 Nxf3+
19. Qxf3 Re7 20. Nxa8 Nxd4 $17 {[%cal Yd4e2]}) 15... b5 16. Ba2 Bb7 $17 {
Black comfortably finished the development of his pieces. White has not a good
defence against the threat 17...Nxd4.} 17. Be3 Nxd4 $1 18. Bxd4 (18. Nxd4 Bxd5
19. Bxd5 Qxd5 20. Qxc7 Bd6 21. Qc6 Qe5 22. f4 Qf6 $17) 18... Bxd5 19. Bxd5 Qxd5
20. Qxc7 (20. Rad1 Qb7 $17) 20... Nd2 $1 21. Nxd2 Qxd4 22. Qc3 Qxc3 23. bxc3
Rac8 24. Rfc1 Be7 $1 {Black has a clear way to exploit the weaknesses of pawns
a3 and c3 and the bad coordination of White pieces.} 25. Rc2 (25. Ne4 $142 f5
26. Ng3 Rc5 $17) 25... Bf6 $1 26. Rac1 Bg5 $19 27. h4 (27. Kf1 Red8 28. Ke2 Rc6
29. Rd1 Re6+ 30. Kf1 Rd3 31. g3 Rc6 $19) 27... Bxh4 28. c4 Bg5 29. cxb5 Rcd8
30. b6 (30. Rd1 axb5 31. Kf1 Rd3 $19) 30... Bxd2 31. Rd1 Bf4 32. Rb1 Rb8 33. a4
Rxb6 0-1

[Event "EU-ch 4th"]
[Site "Istanbul"]
[Date "2003.06.05"]
[Round "6"]
[White "Volkov, Sergey"]
[Black "David, Alberto"]
[Result "1/2-1/2"]
[WhiteElo "2634"]
[BlackElo "2548"]
[Annotator "Huzman,A"]
[PlyCount "114"]
[EventDate "2003.05.30"]
[EventType "swiss"]
[EventRounds "13"]
[EventCountry "TUR"]
[SourceTitle "CBM 096"]
[Source "ChessBase"]
[SourceDate "2003.09.25"]
[SourceVersion "1"]
[SourceVersionDate "2003.09.25"]
[SourceQuality "1"]

1. d4 d5 2. c4 dxc4 3. e4 Nf6 4. e5 Nd5 5. Bxc4 Nb6 6. Bd3 Nc6 7. Ne2 Bg4 8.
Be3 Qd7 9. Nbc3 O-O-O 10. Be4 Bf5 (10... f6 11. f3 Bf5 12. exf6 exf6 13. d5
Bxe4 14. fxe4 Ne5 15. Bxb6 axb6 16. Nd4 Re8 17. O-O Bc5 18. Kh1 Ng4 19. Ne6 h5
20. Qe2 Qd6 21. g3 g5 22. Nb5 $16 {0-1 Aseev,K-Brady,S/Berlin 1991/TD (33)}) (
10... f5 11. Bc2 {1/2-1/2 Dreev,A-Yakovich,Y/Samara 1998/CBM 67 (11)}) 11. O-O
Bxe4 12. Nxe4 e6 13. a3 {[%cal Gb2b4,Gd1c2]} Be7 14. Qc2 f5 (14... Nd5 15. b4
f5 16. exf6 gxf6 17. b5 $36) 15. exf6 gxf6 16. b4 Rhg8 17. b5 Na5 18. a4 (18.
Rfc1 f5 19. Nc5 Bxc5 20. dxc5 Nbc4 $132) (18. Nf4 Nbc4 19. Rfd1 f5 20. Nc5 Bxc5
21. dxc5 Qxb5 22. Nxe6 Rxd1+ (22... Rxg2+ $5 23. Kxg2 Qc6+ 24. Kg3 Rxd1 25.
Rxd1 Qxe6 26. Bg5 Nc6 $44) 23. Rxd1 Nxe3 24. fxe3 Qb3 $132) 18... f5 (18... Kb8
19. Nc5 Bxc5 20. dxc5 Qg7 21. Ng3 Nbc4 22. Rad1 $14 {[%csl Ra5]}) 19. Nc5 Bxc5
20. dxc5 Nbc4 21. Rad1 (21. c6 Qg7 22. cxb7+ Kxb7 23. Ng3 h5 $132) 21... Qg7 (
21... Qf7 $5 22. b6 (22. Qc3 e5 $11) 22... Kb8 23. bxc7+ Qxc7 24. Nf4 Qf7 $11)
22. Nf4 $1 Qf7 (22... Nxe3 23. fxe3 Qe5 24. Kf2 $1 $14 {[%csl Ra5]}) 23. b6
axb6 (23... Kb8 $5 24. bxc7+ (24. Rd3 Rxd3 25. Qxd3 e5 26. Rd1 cxb6 27. cxb6
axb6 $132) 24... Kxc7 25. Rd6 $1 Nxd6 26. cxd6+ Kb8 27. Qc7+ (27. Nxe6 $5 Rc8
28. Qe2 $44) 27... Qxc7 28. dxc7+ Kxc7 29. Nxe6+ Kb8 30. Nxd8 Rxd8 31. h3 $14)
24. cxb6 e5 25. bxc7 $6 (25. Rxd8+ Rxd8 26. bxc7 Rd7 27. Nd3 (27. Ne2 f4 28.
Bc1 Qg6 $11) 27... Nxe3 28. fxe3 Qc4 $11) 25... Rxd1 26. Rxd1 exf4 (26... Nxe3
27. Rd8+ (27. fxe3 exf4 28. Rd8+ Rxd8 29. cxd8=Q+ Kxd8 30. Qd2+ Ke8 31. Qxa5
Qe6 32. Qb5+ Kf7 33. Qxb7+ Kg6 $11) 27... Rxd8 28. cxd8=Q+ Kxd8 29. Qd2+ Kc8
30. Qxa5 exf4 31. fxe3 fxe3 32. Qc5+ $11) 27. Bxf4 $44 Re8 28. g3 Nc6 {[%cal
Yc4e5]} 29. a5 $1 Re4 $6 (29... N4e5 30. a6 (30. Qc5 Qxc7 $17) 30... bxa6 31.
Bxe5 Nxe5 32. Rb1 Qxc7 33. Qxf5+ $44) (29... N4xa5 30. Qc5 $44) 30. a6 bxa6 31.
Qa4 $13 N4e5 32. Qxa6+ Kxc7 33. Rc1 (33. Qa3 Qe7) 33... Qd5 $1 34. Qa7+ Kd8 35.
Qa8+ Kd7 36. Qb7+ Ke6 37. Qxh7 Rd4 (37... Ne7 38. Qh5 (38. Ra1 Rd4 39. Qh6+
N5g6 40. h4 (40. Ra6+ Kf7 41. Qh7+ Ke8 $19) 40... Kd7 41. Be3 $44) 38... Kd7
$17) 38. Re1 Rd1 (38... Re4 $142 39. Ra1 $13) 39. Qg6+ Ke7 40. Bg5+ Kd7 41.
Qxf5+ $11 Kc7 42. Qh7+ Kc8 43. Rxd1 Qxd1+ 44. Kg2 Qf3+ 45. Kg1 Qd1+ 46. Kg2
Qd5+ 47. Kh3 Qe6+ 48. Kg2 Qd5+ 49. Kh3 Nd4 50. Qh8+ Kb7 51. Qg7+ Ka6 52. Be3
Ndf3 53. Qa7+ Kb5 54. Qb6+ Kc4 55. Qa6+ Kb3 56. Qb6+ Kc4 57. Qa6+ Kb3 1/2-1/2

[Event "Olympiad-36"]
[Site "Mallorca"]
[Date "2004.10.23"]
[Round "8"]
[White "Beliavsky, Alexander G"]
[Black "Charbonneau, Pascal"]
[Result "1-0"]
[WhiteElo "2660"]
[BlackElo "2490"]
[Annotator "Huzman,A"]
[PlyCount "73"]
[EventDate "2004.10.15"]
[EventType "team-swiss"]
[EventRounds "14"]
[EventCountry "ESP"]
[SourceTitle "CBM 104"]
[Source "ChessBase"]
[SourceDate "2005.01.27"]
[SourceVersion "1"]
[SourceVersionDate "2005.01.27"]
[SourceQuality "1"]
[WhiteTeam "Slovenia"]
[BlackTeam "Canada"]
[WhiteTeamCountry "SLO"]
[BlackTeamCountry "CAN"]

1. d4 d5 2. c4 dxc4 3. e4 e5 4. Nf3 Bb4+ 5. Nc3 exd4 6. Qxd4 Qxd4 7. Nxd4 Nf6
8. f3 Bd7 9. Bxc4 Nc6 10. Nxc6 Bxc6 11. Be3 (11. Bf4 Nd7 (11... O-O 12. O-O-O
Rfd8 13. Kb1 Ba5 14. Bg5 h6 15. Bxf6 gxf6 16. Ne2 Ba4 17. b3 Be8 18. Ng3 $16 {
1-0 Soppe,G-Sakurai,L/Buenos Aires 1989/EXT 2000 (29)}) 12. Rc1 $1 (12. O-O-O
Bxc3 13. bxc3 O-O-O 14. Bg3 Rhf8 $11 {1/2-1/2 Karpov,A-Radulov,I/Leningrad
1977/MCL (46)}) 12... f6 13. a3 Bxc3+ 14. Rxc3 Ne5 15. Be2 O-O-O 16. b4 (16.
Kf2 $5) 16... Ba4 $5 17. Kf2 Rhe8 18. Rhc1 Re7 19. b5 Kb8 20. h4 c6 21. bxc6
Bxc6 22. g4 $16 {1-0 Bagirov,V-Barua,D/Frunze 35/477 1983/[Bagirov,V] (49)}) (
11. Bg5 Nd7 12. O-O-O f6 13. Bf4 Bxc3 14. bxc3 O-O-O 15. Rd4 Ne5 16. Be6+ Bd7
17. Bb3 Bb5 {1/2-1/2 Gulko,B-Ribli,Z/Niksic 1978/MCL (17)}) 11... Nd7 (11...
Bxc3+ 12. bxc3 Nd7 13. Kf2 a6 14. Rad1 f6 15. Rd4 Ne5 16. Bb3 Bd7 17. Rhd1
O-O-O 18. g4 $16 {1-0 Brenninkmeijer,J-Arlandi,E/Lugano 1989/TD (45)}) 12.
O-O-O Bxc3 13. bxc3 f6 (13... Ne5 14. Bb3 a5 15. Rd4 a4 16. Bc2 Ke7 17. Rhd1
$16) 14. Rd2 (14. Rd4 $5) 14... Ke7 15. Rhd1 $6 Rhd8 16. Rd4 b6 17. g4 Ba4 18.
Rg1 $5 (18. R1d2 c5 19. Rd5 Ne5 20. Be2 Bc6 $11) 18... c5 19. Rd2 Ne5 {Black
haven't weaknesses and it is very difficult for White to exploit advantage of
two bishops.} 20. Be2 g5 $6 (20... Rxd2 21. Bxd2 Rd8 $11) 21. h4 h6 $2 {
This move is a real mistake because now White create weakness on h6 and can
open the position.} (21... gxh4 $5 22. Rh1 Rxd2 23. Kxd2 (23. Bxd2 Ng6 24. Be1
(24. f4 Bc6 $132) 24... Nf4 25. Bf1 Rd8 $36) 23... Rd8+ 24. Ke1 Ng6 25. Bf2 Nf4
26. Bxh4 Nxe2 27. Kxe2 Bb5+ 28. Kf2 Rd2+ 29. Kg3 Kf7 30. Rh2 Rd3 31. g5 $132)
22. f4 $1 Rxd2 23. Bxd2 gxf4 24. Bxf4 $14 Bc6 $6 (24... Nf7 $142 25. Kd2 Bc6
26. Ke3 Re8 27. Rd1 Kf8 28. Bf3 $14) 25. Bxh6 Bxe4 26. g5 $36 fxg5 27. Bxg5+
Ke6 28. Rf1 Bf5 29. Re1 $1 Kd5 30. Rd1+ Ke6 31. Ba6 Rf8 $2 (31... Re8 $142 $1
32. h5 (32. Re1 Kf7 $14) (32. Bb5 Rf8 33. Re1 Bg4 34. Bh6 Rf5 $14) 32... Be4
33. h6 Rg8 $14) 32. Re1 $18 Bh7 $6 (32... Bg6 $142 33. Bh6 Re8 34. Bb5 Re7 35.
Bg5 Rh7 $8 36. Bf4 Rh5 37. Bc4+ Kf6 (37... Kd6 38. Bg3 $1 $18 {[%cal Gc4e2]})
38. Bg5+ Kf5 39. Rf1+ Ke4 40. Rf4+ Ke3 41. Rf6+ Ke4 42. Bb3 $1 $18 Bh7 $140 (
42... Be8 43. Rf4+ Ke3 44. Rf8+ $18) 43. Bd1) (32... Bg4 33. Bh6 Rf6 34. Bg7
$18) 33. Bh6 $1 Re8 (33... Rf5 34. Bc8+ $18) (33... Rf3 34. Bg7 $18) 34. Bb5
Re7 (34... Rd8 35. Bg7 $18) 35. Bg5 (35. Bf8 Rc7 36. Bc4+ Kf6 37. Bd6 $18)
35... a6 (35... Rg7 36. Bf4 $18) 36. Bc4+ Kf5 37. Rf1+ 1-0

[Event "Olympiad-36"]
[Site "Mallorca"]
[Date "2004.10.26"]
[Round "11"]
[White "Kanep, Meelis"]
[Black "Mikhalchishin, Adrian"]
[Result "1/2-1/2"]
[WhiteElo "2475"]
[BlackElo "2512"]
[Annotator "Huzman,A"]
[PlyCount "41"]
[EventDate "2004.10.15"]
[EventType "team-swiss"]
[EventRounds "14"]
[EventCountry "ESP"]
[SourceTitle "CBM 104"]
[Source "ChessBase"]
[SourceDate "2005.01.27"]
[SourceVersion "1"]
[SourceVersionDate "2005.01.27"]
[SourceQuality "1"]
[WhiteTeam "Estonia"]
[BlackTeam "Slovenia"]
[WhiteTeamCountry "EST"]
[BlackTeamCountry "SLO"]

1. d4 d5 2. c4 dxc4 3. e4 e5 4. Nf3 exd4 5. Bxc4 Nc6 6. O-O Be6 7. Bb5 Bc5 8.
b4 Bb6 9. Bb2 (9. a4 $146 a5 (9... a6 10. Bxc6+ bxc6 11. Bb2 Qd6 $13) 10. bxa5
Rxa5 11. Ng5 (11. Nbd2 Nge7 12. Ng5 O-O 13. Qh5 h6 14. Nxe6 fxe6 15. Nc4 Ra8
16. Bxh6 gxh6 17. Qxh6 Ba7 18. Ra3 d3 19. Nd2 Rf7 20. Rxd3 Qf8 21. Rg3+ Rg7 22.
Bc4 $44 {1-0 Lafarga,D-Kulvietis,M/IECG 2002/Telechess CBM 99 (36)}) 11... Qd7
(11... Bd7 12. Na3 Ne5 13. Bf4 c6 14. Bxe5 Qxg5 15. f4 Qg6 16. Bd3 $36 (16. Nc4
$5)) 12. Nd2 Nge7 13. f4 (13. Nxe6 $1 Qxe6 (13... fxe6 14. Nc4 Ra8 15. Ba3 $44
(15. Ne5 Qd6 16. Nc4 Qd7 $11)) 14. Nc4 O-O 15. Nxa5 Nxa5 16. Ba3 c6 17. Bd3 c5
18. Rb1 $16 {1-0 Ushenina,A-Korbut,E/St Petersburg 2004/CBM 101 ext (26)})
13... Bg4 14. Qb3 O-O 15. Nc4 d3+ 16. Kh1 Be2 17. Bb2 $1 h6 18. Nxb6 $1 cxb6
19. Qc3 Qd4 $17 {1/2-1/2 Ivanisevic,I-Sakalauskas,V/Batumi 1999/CBM 74/[Huzman]
(74)}) 9... Nge7 (9... Qd6 10. a4 Nge7 11. a5 Qxb4 12. Qe2 d3 13. Bxd3 Nd4 (
13... Bd4 $5) 14. Bxd4 Bxd4 15. Ra4 $18 {1/2-1/2 Yuferov,S-Ibragimov,I/St
Petersburg 1996/CBM 52/[Hecht] (100)}) 10. Bxd4 (10. Nxd4 O-O 11. Nxc6 Nxc6 12.
Bxc6 Qxd1 (12... bxc6 13. Qc2 a5 14. a3 Qg5 15. Qxc6 Rad8 $44 {0-1
Rakhmangulov,A-Svetushkin,D/Alushta 1999/CBM 70 (22)}) 13. Rxd1 bxc6 14. Nd2 a5
15. a3 {1/2-1/2 Van Wely,L-Sermek,D/Buekfuerdo 1995/CBM 46 ext (15)}) 10... O-O
11. Bc5 (11. Bxb6 axb6 12. Nc3 Qxd1 13. Rfxd1 Nxb4 14. a4 Rfd8 $17 {1/2-1/2
Carnic,S-Svetushkin,D/Nis 1998/EXT 2002 (47)}) 11... Bxc5 (11... Qxd1 12. Rxd1
Rfd8 13. Nc3 a5 14. Bxb6 (14. a3 Bb3) 14... cxb6 15. bxa5 bxa5 16. Ng5 Rxd1+
17. Rxd1 Rd8 18. Rb1 $14 {><b7}) 12. bxc5 a6 (12... Bg4 13. Nc3 Bxf3 (13...
Qxd1 14. Rfxd1 {/\ Nd5|^}) 14. Qxf3 Nd4 15. Qd3 $14) 13. Bxc6 Nxc6 14. Nc3 Bc4
$1 {Black changes the assesment of the position due to this intermediate move.}
(14... Qe7 15. Nd5 Qxc5 16. Nxc7 Rad8 17. Nxe6 fxe6 18. Qb3 $14 {1-0 Beliavsky,
A-Sherbakov,R/Niksic 1996/EXT 2000/ (42)}) (14... Qxd1 $6 15. Rfxd1 {/\ Nd5
><b7, c7 <->b}) 15. Re1 (15. Qxd8 Rfxd8 16. Rfd1 Nb4 $5 $36) 15... Qe7 16. Rc1
(16. Rb1 Rab8 17. Qc2 Rfd8 (17... Qxc5 18. Na4 Qd6 19. Qxc4 b5 20. Qc2 bxa4 21.
Qxa4 $14) 18. Nd5 Qxc5 19. Nd2 Ne5 20. Rbc1 (20. Qc3 c6 21. Qxe5 cxd5 22. Nxc4
Qxc4 23. exd5 Qxd5 (23... h6 24. d6 Qxa2 25. d7 $44) 24. Qxd5 Rxd5 25. Rxb7 Rb5
$11) 20... b5 21. Nxc4 Nxc4 (21... bxc4 22. Red1 c6 23. Ne3 Rd3 $17)) 16...
Qxc5 17. Nd5 b5 18. Nd2 Ne5 19. Nxc4 Nxc4 ({Black kept chances for an
advantage after} 19... bxc4 $5 20. Qc2 Rad8 21. Qc3 Rfe8 $17) 20. Qc2 Qd6 (
20... Rad8 21. Ne3 Rd4 22. Nf5 Rd7 23. Ne3 $11) 21. Ne3 (21. Ne3 Nxe3 22. Rxe3
Rfd8 (22... Rfc8 23. Rc3 Qe7 24. Rc6 $44) 23. Rc3 Rac8 24. Rc6 Qa3 25. h3 (25.
Rxc7 $2 Qxc1+ $1 26. Qxc1 Rxc7 $19) 25... Rd7 26. e5 $44) 1/2-1/2

[Event "Olympiad-36"]
[Site "Mallorca"]
[Date "2004.10.25"]
[Round "10"]
[White "Timman, Jan H"]
[Black "Thorhallsson, Throstur"]
[Result "1-0"]
[WhiteElo "2602"]
[BlackElo "2460"]
[Annotator "Huzman,A"]
[PlyCount "93"]
[EventDate "2004.10.15"]
[EventType "team-swiss"]
[EventRounds "14"]
[EventCountry "ESP"]
[SourceTitle "CBM 104"]
[Source "ChessBase"]
[SourceDate "2005.01.27"]
[SourceVersion "1"]
[SourceVersionDate "2005.01.27"]
[SourceQuality "1"]
[WhiteTeam "Netherlands"]
[BlackTeam "Iceland"]
[WhiteTeamCountry "NED"]
[BlackTeamCountry "ISL"]

1. d4 d5 2. c4 dxc4 3. e4 e5 4. Nf3 exd4 5. Bxc4 Bb4+ 6. Nbd2 Nc6 7. O-O Qe7 8.
Nb3 (8. a3 Bxd2 9. Bxd2 Be6 10. Bd5 Qd6 11. Bxc6+ Qxc6 12. Nxd4 Qxe4 13. Nxe6
fxe6 14. Qh5+ g6 15. Qb5+ Kf7 16. Bc3 $40 {1-0 Stelting,T-Putzbach,G/Hamburg
1987/EXT 97 (40)}) (8. Bd5 Bd7 9. Nc4 Nf6 10. Bg5 h6 11. Bh4 g5 12. Bg3 Nxe4
13. a3 Nxg3 14. hxg3 Bc5 15. b4 Bb6 16. Re1 Be6 17. Bxe6 fxe6 18. b5 $44 {
Ftacnik,L-Speelman,J/Moscow 39/(469) 1985 (18)}) 8... Bg4 (8... Bd7 9. a3 Bc5 (
9... Bd6 10. Nbxd4 O-O-O 11. Re1 Bc5 12. Be3 Nxd4 13. Bxd4 Be6 14. Bxc5 Rxd1
15. Bxe7 Rxe1+ 16. Rxe1 Bxc4 17. Bf8 $18 {1-0 Mitbreit,D-Feoktistov,A/Moscow
1996/EXT 2000 (52)}) 10. Nxc5 Qxc5 11. Qb3 O-O-O 12. Bxf7 Nf6 13. Bg5 Ne5 14.
Bd5 Nxf3+ 15. Qxf3 Rdf8 16. Rfc1 Qb6 17. Qg3 $36 {1/2-1/2 Nowak,I-Sygulski,A/
Naleczow 1986/EXT 2001 (40)}) (8... Nf6 9. e5 Nxe5 10. Nxe5 Qxe5 11. a3 Be7 12.
Re1 Qd6 13. Qxd4 O-O $11 {1/2-1/2 Helmertz,P-Hartman,C/Eksjo 1986/EXT 2002 (19)
}) 9. Nbxd4 Nxd4 (9... Ne5 10. Nxe5 $1 Bxd1 11. Bxf7+ Kf8 12. Ne6+ Qxe6 13.
Bxe6 $18 {1-0 Tukmakov,V-Avner,U/Oerebro 1966/EXT 2000/[RR] (41)}) 10. Qxd4
Bxf3 11. gxf3 Nf6 12. Bg5 h6 13. Bh4 Bd6 (13... Qc5 14. Qd3 (14. Rfd1 $5) 14...
Rd8 15. Qb3 O-O 16. Rac1 $14 {1-0 Van Beers,E-Atkinson,P/Mamaia 1991/CBM 25
ext (52)}) 14. Bg3 Bxg3 $2 (14... Bc5 15. Qe5 (15. Qc3 O-O 16. Rac1 c6 $14)
15... Qxe5 16. Bxe5 c6 17. Rfd1 Ke7 $14) 15. hxg3 $16 {The structure of pawn
chains and the advantage of the Bc4 over the Nf6 give White better chances.}
O-O 16. e5 $1 Nd7 17. Rfe1 {[%cal Ge5e6]} Nc5 (17... Nb6 18. Bb3 Rad8 19. Qe4
c6 20. f4 $16) 18. Rac1 b6 (18... Ne6 19. Qe4 Ng5 20. Qe3 Ne6 21. f4 $16) 19.
b4 Rad8 (19... Ne6 20. Qg4 (20. Qc3 $5 Rad8 21. Re4 $36) 20... c5 21. f4 cxb4
22. f5 Ng5 (22... Qg5 23. Qxg5 Nxg5 24. Kg2 Rfd8 25. e6 $16) 23. f4 Nh7 24. f6
$132 Nxf6 25. exf6 Qxf6 26. Re5 $16) 20. Qc3 (20. Qe3 Ne6 21. b5 Nd4 22. Qe4
Rfe8 23. f4 $36) 20... Ne6 21. Re4 (21. b5 Nd4 22. f4 $14) 21... Ng5 $6 (21...
c5 $142 $1 {Black missed a good chance to create an outpost for Ne6.} 22. bxc5
(22. Bxe6 Qxe6 23. bxc5 bxc5 $11) 22... Nxc5 $132) 22. Re3 Ne6 23. Kg2 (23. b5
$5) 23... Rd7 (23... c5) 24. f4 Nd4 25. Rce1 b5 26. e6 $1 fxe6 27. Bxe6+ Nxe6
28. Rxe6 {Black pawns on the queen's side are vulnerable now.} Qf7 (28... Qd8
29. R1e5 Qa8+ 30. Qc6 Rd2 31. Qxa8 Rxa8 32. Ra6 $16) 29. Qc5 $16 a6 $6 (29...
Qf5 30. R1e5 $16) 30. Rxa6 Qd5+ 31. Qxd5+ Rxd5 32. Re5 $1 $18 Rfd8 (32... Rd2
33. Ra7 $18) 33. Rc6 $18 Rd2 34. Rxc7 Rxa2 35. Ree7 Rdd2 36. Rxg7+ Kf8 37.
Rcf7+ Ke8 38. Rb7 Rxf2+ 39. Kh3 Kf8 40. Rgc7 Rh2+ 41. Kg4 h5+ (41... Ra8 42.
Rxb5 $18) 42. Kg5 Ra8 43. Rh7 Kg8 44. g4 (44. Rhg7+ Kh8 (44... Kf8 45. Kg6 Ra6+
46. Kh7 $18) 45. Kh6 Ra6+ 46. Rg6 $18) 44... Rb2 45. Rbg7+ (45. Rhg7+ Kh8 (
45... Kf8 46. Kg6 Ra6+ 47. Kh7 $18) 46. Kh6 Ra6+ 47. Rg6 $18) 45... Kf8 46.
Rf7+ Ke8 (46... Kg8 47. Rfg7+ Kf8 48. Rc7 Kg8 49. Rhg7+ Kh8 (49... Kf8 50. Kg6
Ra6+ 51. Kh7 $18) 50. Kh6 Ra6+ 51. Rg6 Rxg6+ 52. Kxg6 $18) 47. Rb7 1-0